=LDR 00000nam 2200000 4500 =001 INLIS000000000030404 =005 20130612132542 =008 ***********************************ind** =035 ##$$0010-061300000030404 =041 ##$$a ind =082 ##$$a 028.5 =090 ##$$a 028.5, SUR a =100 ##$$a Sunarjono, K =245 ##$$a Aku paling dimanja dan disayang, K. Soenarjono =260 ##$$a 1997 $b Surabaya =300 ##$$a 65 hlm., ilus., 15 cm =650 ##$$a Fiksi Anak =850 ##$$a NBPNMAT